| 000 | 00788cac a22002171u 4500 | ||
|---|---|---|---|
| 090 | _c3991 | ||
| 008 | 081102t1981 xxu||||| |||| 00| 0 eng d | ||
| 010 | _a 81014554 | ||
| 020 | _a038790641X | ||
| 082 | 0 | 0 |
_a001.642 _bG8486 |
| 100 |
_aGries, David, _d1939 |
||
| 245 | 1 | 4 |
_aThe science of programming / _cDavid Gries. |
| 260 |
_aNew York : _bSpringer-Verlag, _c1981. |
||
| 300 |
_axiii, 366 p. ; _c24 cm. |
||
| 440 | 0 | _aTexts and monographs in computer science | |
| 500 | _aIncludes index. | ||
| 504 | _aBibliography: p. [355]-357. | ||
| 650 | 0 | _aComputer programming. | |
| 942 |
_cBB _k001.642G8486 _2ddc |
||
| 999 |
_c3991 _d3991 |
||